| Tag |
First Indicator |
Second Indicator |
Subfields |
| LEADER |
00000cam a22000003a 4500 |
| 001 |
in00004025513 |
| 006 |
m |o d | |
| 007 |
cr |n||||||||| |
| 008 |
181220s2007 njuab ob 001 0 eng d |
| 005 |
20250816210549.7 |
| 020 |
|
|
|a 9781118550762 (electronic bk.)
|
| 020 |
|
|
|a 1118550765 (electronic bk.)
|
| 020 |
|
|
|z 9780471760900
|
| 020 |
|
|
|z 0471760900
|
| 024 |
8 |
|
|a 99978957429
|
| 035 |
|
|
|a (NhCcYBP)ebc1031840
|
| 040 |
|
|
|a NhCcYBP
|c NhCcYBP
|d UtOrBLW
|
| 050 |
|
4 |
|a TH2031
|b .S74 2007
|
| 082 |
0 |
4 |
|a 711
|2 22
|
| 100 |
1 |
|
|a Steiner, Frederick R.
|0 http://id.loc.gov/authorities/names/n80012444
|
| 245 |
1 |
0 |
|a Planning and urban design standards /
|c Frederick Steiner, Kent Butler, American Planning Association ; Emina Sendich, graphics editor.
|
| 250 |
|
|
|a Student ed.
|
| 264 |
|
1 |
|a Hoboken, N.J. :
|b J. Wiley,
|c [2007]
|
| 264 |
|
4 |
|c ©2007
|
| 300 |
|
|
|a 1 online resource.
|
| 336 |
|
|
|a text
|b txt
|2 rdacontent
|
| 337 |
|
|
|a computer
|b c
|2 rdamedia
|
| 338 |
|
|
|a online resource
|b cr
|2 rdacarrier
|
| 490 |
1 |
|
|a Wiley graphic standards
|
| 504 |
|
|
|a Includes bibliographical references (pages 415-429) and index.
|
| 505 |
0 |
|
|a I. Plans & plan making : Plan making ; Types of plans ; Participation -- II. Environmental planning and management : Environmental management overview ; Air ; Water ; Land ; Hazards -- III. Structures : Building types ; Transportation ; Utilities ; Parks and open space ; Farming and forestry ; IV. Places and placemaking : Regions ; Places and districts ; Development types ; Design considerations -- V. Analysis techniques : Projections and demand analysis ; Impact assessment ; Mapping ; Visualization ; VI. Implementation techniques : Legal foundations ; Growth management ; Preservation, conservation, and reuse ; Economic and real estate development.
|
| 588 |
|
|
|a Description based on print version record.
|
| 500 |
|
|
|a Electronic resource.
|
| 650 |
|
0 |
|a Building
|x Details
|v Drawings.
|0 http://id.loc.gov/authorities/subjects/sh2007102203
|
| 650 |
|
0 |
|a Building
|x Details
|x Drawings
|x Standards.
|0 http://id.loc.gov/authorities/subjects/sh2009117777
|
| 650 |
|
0 |
|a City planning
|x Standards.
|
| 655 |
|
7 |
|a Electronic books.
|2 local
|
| 700 |
1 |
|
|a Butler, Kent S.
|0 http://id.loc.gov/authorities/names/n79013277
|
| 710 |
2 |
|
|a ProQuest (Firm)
|0 http://id.loc.gov/authorities/names/n2007068018
|
| 776 |
1 |
8 |
|c Original
|z 9780471760900
|z 0471760900
|w (DLC) 2006009368
|
| 830 |
|
0 |
|a Wiley graphic standards.
|0 http://id.loc.gov/authorities/names/no2005033458
|
| 856 |
4 |
0 |
|u https://ebookcentral.proquest.com/lib/tamucs/detail.action?docID=1031840
|z Connect to the full text of this electronic book
|t 0
|
| 955 |
|
|
|a YBP purchased firm e-records
|
| 980 |
|
|
|b 192.50
|g 1
|
| 987 |
|
|
|a ybp9732228
|
| 999 |
f |
f |
|s 92dbfd6f-85d8-30fa-9a88-160dd7546df9
|i 8067cba2-0cec-3819-9c5f-5e89eec0fa2e
|t 0
|
| 952 |
f |
f |
|a Texas A&M University
|b College Station
|c Electronic Resources
|d Available Online
|t 0
|e TH2031 .S74 2007
|h Library of Congress classification
|
| 998 |
f |
f |
|a TH2031 .S74 2007
|t 0
|l Available Online
|